[Event "SLO-chT2 Ost"]
[Site "Slovenia"]
[Date "2021.09.11"]
[Round "1.1"]
[White "Maric Vild, Fabijan"]
[Black "Majcenovic, Martin"]
[Result "1/2-1/2"]
[WhiteElo "1715"]
[BlackElo "1768"]
[PlyCount "108"]
[EventDate "2021.09.11"]
[EventType "team-tourn"]
[EventRounds "9"]
[EventCountry "SLO"]
[SourceTitle "EXT 2024"]
[Source "ChessBase"]
[SourceDate "2023.10.10"]
[SourceVersion "1"]
[SourceVersionDate "2023.10.10"]
[SourceQuality "1"]
[WhiteTeam "Pomgrad SD III"]
[BlackTeam "Ptuj SD II"]
[WhiteTeamCountry "SLO"]
[BlackTeamCountry "SLO"]

1. e4 e6 2. d4 d5 3. exd5 exd5 4. Nf3 Bd6 5. Bd3 Ne7 6. 0-0 Bf5 7. Re1 0-0 8. Nc3 c6 9. Ne2 Nd7 10. Ng3 Bxd3 11. Qxd3 Re8 12. Bd2 Nf8 13. Nf5 Nxf5 14. Qxf5 Qd7 15. Qd3 Rxe1+ 16. Rxe1 Re8 17. Rxe8 Qxe8 18. Qe3 Qxe3 19. Bxe3 f6 20. Kf1 Kf7 21. Ke2 Ke6 22. h3 h5 23. Kd3 g5 24. b3 Ng6 25. c4 g4 26. hxg4 hxg4 27. Nd2 Bf4 28. g3 Bc7 29. cxd5+ cxd5 30. Nb1 Bd6 31. Nc3 Ne7 32. Bd2 Bb4 33. Ne2 Bxd2 34. Kxd2 Nc6 35. Nf4+ Kd6 36. Kc3 Ne7 37. Nh5 Ke6 38. Kb4 f5 39. Kc5 b6+ 40. Kb5 Kd6 41. Ng7 Kc7 42. Ka6 Nc6 43. Nxf5 Nb4+ 44. Kxa7 Nxa2 45. Ne3 Nc3 46. Nxg4 Nb5+ 47. Ka6 Nxd4 48. Ne3 Nxb3 49. Nxd5+ Kd6 50. Nxb6 Ke5 51. f4+ Kf5 52. Nd5 Kg4 53. Kb6 Nd4 54. Kc5 Nf5 1/2-1/2

[Event "Portoroz Nat Festival 30th"]
[Site "Portoroz"]
[Date "2020.09.05"]
[Round "3"]
[White "Maric Vild, Fabijan"]
[Black "Titan, Matej"]
[Result "1/2-1/2"]
[WhiteElo "1712"]
[BlackElo "2261"]
[PlyCount "88"]
[EventDate "2020.09.03"]
[EventType "swiss"]
[EventRounds "9"]
[EventCountry "SLO"]
[SourceTitle "CBM 198 Extra"]
[Source "ChessBase"]
[SourceDate "2020.11.30"]
[SourceVersion "1"]
[SourceVersionDate "2020.11.30"]
[SourceQuality "1"]

1. e4 c5 2. Nf3 Nc6 3. d4 cxd4 4. Nxd4 Nf6 5. Nc3 e5 6. Ndb5 d6 7. Bg5 a6 8. Na3 b5 9. Nd5 Be7 10. Bxf6 Bxf6 11. c3 Bg5 12. Nc2 0-0 13. Nce3 Ne7 14. Bd3 Be6 15. 0-0 Bxe3 16. Nxe3 Qb6 17. Kh1 a5 18. b3 Qc5 19. c4 b4 20. Rc1 Nc6 21. Nd5 Nd4 22. f4 Bxd5 23. cxd5 Qb6 24. fxe5 dxe5 25. Qg4 a4 26. bxa4 Rxa4 27. Rc8 Ra8 28. Rxa8 Rxa8 29. Qd7 Qa7 30. Rxf7 Qxd7 31. Rxd7 Rxa2 32. h3 b3 33. d6 Kf8 34. Bc4 Ke8 35. Rb7 Rd2 36. Bxb3 Nxb3 37. Rxb3 Rxd6 38. Rb5 Re6 39. Kh2 Kf7 40. Kg3 Kf6 41. h4 Rc6 42. Rb3 Rc4 43. Kf3 Rc6 44. g4 Ra6 1/2-1/2

[Event "Portoroz Nat Festival 30th"]
[Site "Portoroz"]
[Date "2020.09.03"]
[Round "1"]
[White "Maric Vild, Fabijan"]
[Black "Vidic, Teja"]
[Result "0-1"]
[WhiteElo "1712"]
[BlackElo "2195"]
[PlyCount "84"]
[EventDate "2020.09.03"]
[EventType "swiss"]
[EventRounds "9"]
[EventCountry "SLO"]
[SourceTitle "CBM 198 Extra"]
[Source "ChessBase"]
[SourceDate "2020.11.30"]
[SourceVersion "1"]
[SourceVersionDate "2020.11.30"]
[SourceQuality "1"]

1. e4 e5 2. Nf3 Nc6 3. Bb5 a6 4. Ba4 b5 5. Bb3 g6 6. 0-0 Bg7 7. c3 Nge7 8. Re1 0-0 9. d3 h6 10. Nbd2 d5 11. exd5 Nxd5 12. Ne4 Kh7 13. a4 b4 14. Bd2 f5 15. Ng3 Rb8 16. Rc1 bxc3 17. bxc3 Qd6 18. Rb1 Bd7 19. Qc2 Nb6 20. c4 Qc5 21. Be3 Nd4 22. Nxd4 exd4 23. Bd2 a5 24. Re2 Nxa4 25. Rbe1 Nb6 26. Qc1 Rfe8 27. Rxe8 Rxe8 28. Rxe8 Bxe8 29. Qe1 a4 30. Ba2 Qa3 31. Qb1 Qe7 32. Bb4 Qe5 33. Qd1 Bc6 34. f3 Nd7 35. Kh1 Qe3 36. Bb1 Ne5 37. Bd2 Qf2 38. Be1 Qb2 39. Bd2 a3 40. Qc1 Qb7 41. Bf4 a2 42. Bc2 Nxc4 0-1

[Event "SLO-chT2 East"]
[Site "Slovenia"]
[Date "2018.11.13"]
[Round "6"]
[White "Rozmanec, Pia"]
[Black "Maric Vild, Fabijan"]
[Result "1/2-1/2"]
[WhiteElo "1543"]
[BlackElo "1686"]
[PlyCount "64"]
[EventDate "2018.09.15"]
[EventType "team-tourn"]
[EventRounds "9"]
[EventCountry "SLO"]
[SourceTitle "EXT 2021"]
[Source "ChessBase"]
[SourceDate "2020.10.23"]
[SourceVersion "1"]
[SourceVersionDate "2020.10.23"]
[SourceQuality "1"]
[WhiteTeam "Sevnica Majcen"]
[BlackTeam "Ljutomer Radenska"]
[WhiteTeamCountry "SLO"]
[BlackTeamCountry "SLO"]

1. e4 c5 2. Nf3 e6 3. d4 cxd4 4. Nxd4 a6 5. Nc3 Nc6 6. Be3 Qc7 7. Qd2 Nf6 8. f3 Ne5 9. 0-0-0 Bb4 10. Bf4 Nh5 11. Bxe5 Qxe5 12. Nde2 Nf6 13. Qd3 Qc5 14. h3 b5 15. f4 Bxc3 16. Nxc3 Bb7 17. e5 Nd5 18. Ne4 Qc7 19. Nd6+ Ke7 20. Nxb7 Qxb7 21. f5 Rac8 22. Kb1 Qc7 23. Rd2 Qxe5 24. fxe6 dxe6 25. Re2 Qd6 26. Qe4 b4 27. Re1 Kd7 28. Bc4 Rc5 29. Bxd5 Rxd5 30. Qf3 Ke7 31. Qg4 Rg8 32. Qf3 f6 1/2-1/2

[Event "SLO-chT2 East"]
[Site "Slovenia"]
[Date "2018.10.13"]
[Round "4"]
[White "Maric Vild, Fabijan"]
[Black "Pecnik, Robert"]
[Result "1/2-1/2"]
[WhiteElo "1686"]
[BlackElo "1728"]
[PlyCount "95"]
[EventDate "2018.09.15"]
[EventType "team-tourn"]
[EventRounds "9"]
[EventCountry "SLO"]
[SourceTitle "EXT 2021"]
[Source "ChessBase"]
[SourceDate "2020.10.23"]
[SourceVersion "1"]
[SourceVersionDate "2020.10.23"]
[SourceQuality "1"]
[WhiteTeam "Ljutomer Radenska"]
[BlackTeam "Brezice"]
[WhiteTeamCountry "SLO"]
[BlackTeamCountry "SLO"]

1. e4 d6 2. d4 c6 3. f4 Qa5+ 4. Nc3 Nf6 5. Bd2 Qc7 6. Nf3 Bg4 7. h3 Bxf3 8. Qxf3 Qb6 9. 0-0-0 e6 10. e5 Nd5 11. Nxd5 cxd5 12. Bc3 dxe5 13. fxe5 Nc6 14. Be2 Bb4 15. Bxb4 Qxb4 16. Qg4 0-0 17. h4 Rac8 18. Rh3 Qe7 19. a3 f6 20. exf6 Qxf6 21. Rf3 Qh6+ 22. Kb1 Rxf3 23. Bxf3 Rf8 24. Re1 Nd8 25. c3 Rf4 26. Qg3 Qxh4 27. Qxh4 Rxh4 28. Bxd5 Kf7 29. Bf3 b6 30. Kc2 g5 31. Rf1 Ke7 32. Kd3 h5 33. Ke3 Rf4 34. Be2 Rxf1 35. Bxf1 h4 36. g3 hxg3 37. Kf3 Kd6 38. Kxg3 e5 39. Kg4 exd4 40. cxd4 Kd5 41. Kxg5 Kxd4 42. Kf6 Nc6 43. Ke6 Na5 44. Kd6 Nc4+ 45. Bxc4 Kxc4 46. Kc6 Kb3 47. Kb7 Kxb2 48. Kxa7 1/2-1/2

[Event "SLO-chT2 East"]
[Site "Slovenia"]
[Date "2018.09.29"]
[Round "3"]
[White "Prisenk, Silvo"]
[Black "Maric Vild, Fabijan"]
[Result "1/2-1/2"]
[WhiteElo "1730"]
[BlackElo "1686"]
[PlyCount "64"]
[EventDate "2018.09.15"]
[EventType "team-tourn"]
[EventRounds "9"]
[EventCountry "SLO"]
[SourceTitle "EXT 2021"]
[Source "ChessBase"]
[SourceDate "2020.10.23"]
[SourceVersion "1"]
[SourceVersionDate "2020.10.23"]
[SourceQuality "1"]
[WhiteTeam "Ruse Messer"]
[BlackTeam "Ljutomer Radenska"]
[WhiteTeamCountry "SLO"]
[BlackTeamCountry "SLO"]

1. e4 c5 2. f4 e6 3. Nf3 Nc6 4. Nc3 a6 5. a4 Qc7 6. d3 d6 7. g3 Nf6 8. Bg2 Be7 9. 0-0 0-0 10. h3 Bd7 11. Be3 Rac8 12. Bf2 d5 13. e5 Ne8 14. Qd2 g6 15. b3 Ng7 16. g4 Nd4 17. Rac1 Nxf3+ 18. Bxf3 b5 19. axb5 axb5 20. Ne2 c4 21. bxc4 bxc4 22. Bd4 Ra8 23. Ra1 cxd3 24. cxd3 Bc5 25. Kg2 Bxd4 26. Nxd4 Rxa1 27. Rxa1 Rc8 28. Kg3 Ne8 29. Be2 Qb6 30. Nf3 Qb3 31. Ra2 Qb6 32. Rb2 Qa7 1/2-1/2

[Event "SLO-chT U20"]
[Site "Nova Gorica"]
[Date "2018.06.28"]
[Round "2.4"]
[White "Bajo, Tin"]
[Black "Maric Vild, Fabijan"]
[Result "1/2-1/2"]
[WhiteElo "1938"]
[BlackElo "1762"]
[PlyCount "100"]
[EventDate "2018.06.27"]
[EventType "team-tourn"]
[EventRounds "7"]
[EventCountry "SLO"]
[SourceTitle "EXT 2020"]
[Source "ChessBase"]
[SourceDate "2019.10.17"]
[SourceVersion "1"]
[SourceVersionDate "2019.10.17"]
[SourceQuality "1"]
[WhiteTeam "Kocevje U20"]
[BlackTeam "Radenska Pomgrad U20"]
[WhiteTeamCountry "SLO"]
[BlackTeamCountry "SLO"]

1. e4 c5 2. Nf3 e6 3. c3 d5 4. exd5 Qxd5 5. d4 Nf6 6. Na3 Nc6 7. Be3 cxd4 8. Nb5 Qd8 9. Nbxd4 Nxd4 10. Nxd4 Be7 11. Bd3 0-0 12. Qc2 h6 13. Rd1 Bd7 14. 0-0 Qc7 15. Qe2 a6 16. f4 Rad8 17. Rde1 Rfe8 18. Bb1 Bc6 19. Nxc6 Qxc6 20. Kh1 Bc5 21. Rd1 Bxe3 22. Qxe3 Rd6 23. Rd4 Red8 24. Rfd1 Rxd4 25. Rxd4 Rxd4 26. Qxd4 Qd5 27. Qxd5 Nxd5 28. Be4 b6 29. g3 Kf8 30. Kg2 Ke7 31. Kf2 Kd6 32. Ke2 a5 33. Kd3 Nc7 34. b4 axb4 35. cxb4 b5 36. Kd4 f6 37. Bd3 e5+ 38. fxe5+ fxe5+ 39. Ke4 g6 40. h4 Ke6 41. Bc2 h5 42. Bb3+ Kf6 43. a3 Ne6 44. a4 bxa4 45. Bxa4 g5 46. Bd7 gxh4 47. gxh4 Nc7 48. Bc8 Nb5 49. Kd5 e4 50. Bh3 e3 1/2-1/2

[Event "SLO-chT2 East"]
[Site "Slovenia"]
[Date "2017.10.21"]
[Round "5"]
[White "Maric Vild, Fabijan"]
[Black "Spelec, Darko"]
[Result "0-1"]
[WhiteElo "1644"]
[BlackElo "1973"]
[PlyCount "66"]
[EventDate "2017.09.30"]
[EventType "team-tourn"]
[EventRounds "9"]
[EventCountry "SLO"]
[SourceTitle "EXT 2019"]
[Source "ChessBase"]
[SourceDate "2018.10.10"]
[SourceVersion "1"]
[SourceVersionDate "2018.10.10"]
[SourceQuality "1"]

1. e4 e5 2. Nf3 Nc6 3. Bb5 a6 4. Ba4 d6 5. 0-0 Bg4 6. h3 h5 7. c3 Qf6 8. d3 Nge7 9. Nbd2 Ng6 10. Bxc6+ bxc6 11. Qb3 Be7 12. Qb7 Kd7 13. Qb3 Nf4 14. h4 Qg6 15. g3 Nxd3 16. Qc4 Nxc1 17. Raxc1 Be6 18. Qd3 Kc8 19. b4 Qg4 20. a4 g5 21. b5 gxh4 22. Nh2 Qh3 23. Rfe1 Rg8 24. Ndf1 hxg3 25. fxg3 h4 26. Re3 Bg5 27. Rf3 Bxc1 28. g4 Rxg4+ 29. Nxg4 Qxg4+ 30. Kh1 Bf4 31. Nh2 Bxh2 32. Kxh2 axb5 33. Qe2 Rxa4 0-1

[Event "Maribor Pirc Memorial op 20th"]
[Site "Maribor"]
[Date "2017.06.30"]
[Round "7"]
[White "Meglic, Jaka"]
[Black "Maric Vild, Fabijan"]
[Result "1/2-1/2"]
[WhiteElo "1961"]
[BlackElo "1577"]
[PlyCount "79"]
[EventDate "2017.06.24"]
[EventType "swiss"]
[EventRounds "9"]
[EventCountry "SLO"]
[SourceTitle "CBM 179 Extra"]
[Source "ChessBase"]
[SourceDate "2017.08.23"]
[SourceVersion "1"]
[SourceVersionDate "2017.08.23"]
[SourceQuality "1"]

1. e4 c5 2. Nf3 e6 3. d4 cxd4 4. Nxd4 a6 5. Nc3 Nc6 6. Be2 Qc7 7. 0-0 Nf6 8. Be3 Bb4 9. Na4 Be7 10. Nxc6 bxc6 11. Nb6 Rb8 12. Nxc8 Qxc8 13. Bd4 c5 14. Be5 Rb6 15. Qd3 d6 16. Bc3 0-0 17. b3 d5 18. exd5 Nxd5 19. Bb2 Nf4 20. Qf3 Nxe2+ 21. Qxe2 Rd8 22. Rad1 Rbd6 23. Rxd6 Rxd6 24. Rd1 Rxd1+ 25. Qxd1 Qd8 26. Qxd8+ Bxd8 27. Kf1 g6 28. Ke2 Kf8 29. Kd3 Ke7 30. Kc4 Kd6 31. Ba3 Bb6 32. Bc1 Kc6 33. Be3 f5 34. Bf4 Bd8 35. Be5 Be7 36. a3 Bd8 37. c3 Bb6 38. Bf4 Ba7 39. Be3 Bb6 40. Bf4 1/2-1/2

[Event "Maribor Pirc Memorial op 20th"]
[Site "Maribor"]
[Date "2017.06.26"]
[Round "3"]
[White "Suta, Tomaz"]
[Black "Maric Vild, Fabijan"]
[Result "1/2-1/2"]
[WhiteElo "1768"]
[BlackElo "1577"]
[PlyCount "82"]
[EventDate "2017.06.24"]
[EventType "swiss"]
[EventRounds "9"]
[EventCountry "SLO"]
[SourceTitle "CBM 179 Extra"]
[Source "ChessBase"]
[SourceDate "2017.08.23"]
[SourceVersion "1"]
[SourceVersionDate "2017.08.23"]
[SourceQuality "1"]

1. e4 c5 2. Nf3 e6 3. d4 cxd4 4. Nxd4 a6 5. g3 Nc6 6. Bg2 Qc7 7. Nc3 Nf6 8. 0-0 Be7 9. Be3 0-0 10. Rc1 Rd8 11. Qe2 d5 12. exd5 Nxd5 13. Nxd5 exd5 14. Rfd1 Nxd4 15. Bxd4 Be6 16. c3 Bc5 17. Bxc5 Qxc5 18. Rd4 Rd6 19. Rcd1 Rad8 20. Qd2 R6d7 21. Qg5 b6 22. Bf1 a5 23. a4 Qe7 24. Qc1 Qc5 25. Qg5 Qe7 26. Qf4 Qd6 27. Qf3 Qc5 28. Bb5 Rd6 29. Qf4 h6 30. b4 Qxc3 31. Rc1 Qb2 32. bxa5 bxa5 33. Rc7 Qb1+ 34. Kg2 Qf5 35. Qd2 Qe5 36. f4 Qf6 37. Rc6 Rxc6 38. Bxc6 Bh3+ 39. Kxh3 Qxc6 40. Qxa5 Qe6+ 41. Kg2 Qe2+ 1/2-1/2

[Event "SLO-ch U16"]
[Site "Ptuj"]
[Date "2017.03.03"]
[Round "9"]
[White "Lazarev, Vladislav"]
[Black "Maric Vild, Fabijan"]
[Result "1/2-1/2"]
[WhiteElo "1514"]
[BlackElo "1545"]
[PlyCount "64"]
[EventDate "2017.02.25"]
[EventType "swiss"]
[EventRounds "9"]
[EventCountry "SLO"]
[SourceTitle "CBM 177 Extra"]
[Source "ChessBase"]
[SourceDate "2017.04.27"]
[SourceVersion "1"]
[SourceVersionDate "2017.04.27"]
[SourceQuality "1"]

1. d4 d5 2. c4 e6 3. Nf3 Nf6 4. g3 Be7 5. Bg2 0-0 6. 0-0 Nbd7 7. Qc2 a5 8. Nbd2 b6 9. e4 dxe4 10. Nxe4 Bb7 11. Nxf6+ Nxf6 12. Rd1 h6 13. b3 Qc8 14. Bb2 Be4 15. Qe2 Qb7 16. Ne1 Bxg2 17. Nxg2 c6 18. Nf4 Rfd8 19. Rd3 a4 20. a3 b5 21. Re1 bxc4 22. bxc4 Rab8 23. Bc1 Re8 24. Qd1 Qa6 25. d5 cxd5 26. cxd5 Nxd5 27. Nxd5 exd5 28. Rxd5 Bf6 29. Bf4 Rxe1+ 30. Qxe1 Rb3 31. Qe8+ Kh7 32. Qe4+ Kg8 1/2-1/2

[Event "SLO-ch U16"]
[Site "Ptuj"]
[Date "2017.02.26"]
[Round "3"]
[White "Maric Vild, Fabijan"]
[Black "Ocepek, Jan"]
[Result "1-0"]
[WhiteElo "1545"]
[BlackElo "1276"]
[PlyCount "65"]
[EventDate "2017.02.25"]
[EventType "swiss"]
[EventRounds "9"]
[EventCountry "SLO"]
[SourceTitle "CBM 177 Extra"]
[Source "ChessBase"]
[SourceDate "2017.04.27"]
[SourceVersion "1"]
[SourceVersionDate "2017.04.27"]
[SourceQuality "1"]

1. e4 c5 2. Nf3 d6 3. d4 cxd4 4. Nxd4 Nc6 5. Nc3 Nf6 6. f3 e6 7. Be3 a6 8. Qd2 Bd7 9. 0-0-0 Qc7 10. g4 0-0-0 11. h4 h6 12. Kb1 Be7 13. Be2 Ne5 14. g5 hxg5 15. hxg5 Nh7 16. Rh2 Ng6 17. Rdh1 Ngf8 18. f4 f6 19. g6 Nxg6 20. Rxh7 Rhg8 21. f5 exf5 22. exf5 Ne5 23. Nd5 Qb8 24. Nxe7+ Kc7 25. Nxg8 Rxg8 26. Qc3+ Nc6 27. Nxc6 Bxc6 28. Bf3 Qe8 29. Bxc6 bxc6 30. Rg1 Qe7 31. Bh6 Kc8 32. Qxc6+ Kb8 33. Qb6+ 1-0

[Event "Ptuj op 10"]
[Site "Ptuj"]
[Date "2015.10.30"]
[Round "8"]
[White "Maric Vild, Fabijan"]
[Black "Dadello, Andrzej"]
[Result "1-0"]
[WhiteElo "1487"]
[BlackElo "1796"]
[PlyCount "65"]
[EventDate "2015.10.24"]
[EventType "swiss"]
[EventRounds "9"]
[EventCountry "SLO"]
[SourceTitle "CBM 169 Extra"]
[Source "ChessBase"]
[SourceDate "2015.12.18"]
[SourceVersion "1"]
[SourceVersionDate "2015.12.18"]
[SourceQuality "1"]

1. e4 c5 2. Nf3 d6 3. d4 cxd4 4. Nxd4 Nf6 5. Nc3 g6 6. Be3 Bg7 7. f3 a6 8. Bc4 Nbd7 9. Qd2 b5 10. Bb3 Bb7 11. a3 Rc8 12. 0-0-0 Nb6 13. g4 Nc4 14. Bxc4 Rxc4 15. Nb3 Qc7 16. Rhf1 0-0 17. h4 Rc8 18. Kb1 Nd7 19. Bd4 Bxd4 20. Nxd4 Qb6 21. h5 b4 22. axb4 Rxb4 23. Nb3 a5 24. hxg6 fxg6 25. Nd5 Bxd5 26. Qxd5+ Kg7 27. Qe6 Qd8 28. Rh1 a4 29. Nd4 Nc5 30. Rxh7+ Kxh7 31. Qf7+ Kh6 32. Rh1+ Kg5 33. f4+ 1-0

[Event "Ptuj op 10"]
[Site "Ptuj"]
[Date "2015.10.28"]
[Round "6"]
[White "Maric Vild, Fabijan"]
[Black "Strnisa, Blaz"]
[Result "1-0"]
[WhiteElo "1487"]
[BlackElo "1500"]
[PlyCount "61"]
[EventDate "2015.10.24"]
[EventType "swiss"]
[EventRounds "9"]
[EventCountry "SLO"]
[SourceTitle "CBM 169 Extra"]
[Source "ChessBase"]
[SourceDate "2015.12.18"]
[SourceVersion "1"]
[SourceVersionDate "2015.12.18"]
[SourceQuality "1"]

1. e4 c5 2. Nf3 d6 3. d4 cxd4 4. Nxd4 Nf6 5. Nc3 a6 6. Bg5 h6 7. Bh4 g5 8. Bg3 e5 9. Nb3 b5 10. Qd2 Be6 11. f3 b4 12. Nd5 a5 13. Bb5+ Bd7 14. Nxf6+ Qxf6 15. Bxd7+ Nxd7 16. a3 Bg7 17. axb4 a4 18. Na5 0-0 19. Rxa4 Rac8 20. 0-0 Rc7 21. Bf2 Rfc8 22. c4 Qe7 23. b5 Rb8 24. Nc6 Rxc6 25. bxc6 Nc5 26. Bxc5 dxc5 27. Rd1 Bf6 28. Qd7 Qf8 29. c7 Rc8 30. Ra6 Be7 31. Rb6 1-0

[Event "Ptuj op 10"]
[Site "Ptuj"]
[Date "2015.10.26"]
[Round "4"]
[White "Maric Vild, Fabijan"]
[Black "Toplisek, Maj"]
[Result "1-0"]
[WhiteElo "1487"]
[BlackElo "1189"]
[PlyCount "59"]
[EventDate "2015.10.24"]
[EventType "swiss"]
[EventRounds "9"]
[EventCountry "SLO"]
[SourceTitle "CBM 169 Extra"]
[Source "ChessBase"]
[SourceDate "2015.12.18"]
[SourceVersion "1"]
[SourceVersionDate "2015.12.18"]
[SourceQuality "1"]

1. e4 c5 2. Nf3 Nc6 3. d4 cxd4 4. Nxd4 e5 5. Nb5 a6 6. Nd6+ Bxd6 7. Qxd6 Qf6 8. Qxf6 Nxf6 9. Nc3 d5 10. Nxd5 Nxd5 11. exd5 Nb4 12. Bd3 Nxd5 13. Bd2 Bd7 14. 0-0-0 Bb5 15. Be4 0-0-0 16. Ba5 Nc7 17. Bc3 f6 18. Rxd8+ Rxd8 19. Bxh7 Bc6 20. Bf5+ Kb8 21. f3 Nd5 22. Bd2 Be8 23. Be4 Ne7 24. Bb4 Ng6 25. g3 Rd4 26. Bc3 Ra4 27. b3 Rxa2 28. Kb1 Ra3 29. Kb2 Rxb3+ 30. cxb3 1-0

[Event "EU-ch U14 25th"]
[Site "Porec"]
[Date "2015.09.27"]
[Round "6"]
[White "Maric Vild, Fabijan"]
[Black "Kolar, Mihael"]
[Result "1-0"]
[WhiteElo "1487"]
[BlackElo "1661"]
[PlyCount "49"]
[EventDate "2015.09.21"]
[EventType "swiss"]
[EventRounds "9"]
[EventCountry "CRO"]
[SourceTitle "EXT 2016"]
[Source "ChessBase"]
[SourceDate "2015.10.08"]
[SourceVersion "1"]
[SourceVersionDate "2015.10.08"]
[SourceQuality "1"]

1. e4 c5 2. Nf3 e6 3. d4 cxd4 4. Nxd4 Nf6 5. Nc3 d6 6. Be3 a6 7. Be2 Be7 8. 0-0 0-0 9. a4 Qc7 10. f4 Nc6 11. Qe1 Bd7 12. Qg3 Kh8 13. Kh1 Rab8 14. Rf3 Nh5 15. Qf2 Nxd4 16. Bxd4 Bc6 17. Rh3 Nf6 18. e5 Ne4 19. Nxe4 Bxe4 20. Bd3 Bxd3 21. cxd3 d5 22. f5 Qd7 23. f6 Bd8 24. Qh4 h6 25. fxg7+ 1-0

[Event "EU-ch U14 25th"]
[Site "Porec"]
[Date "2015.09.24"]
[Round "4"]
[White "Maric Vild, Fabijan"]
[Black "Pridigar, Lovro"]
[Result "0-1"]
[WhiteElo "1487"]
[BlackElo "1919"]
[PlyCount "50"]
[EventDate "2015.09.21"]
[EventType "swiss"]
[EventRounds "9"]
[EventCountry "CRO"]
[SourceTitle "EXT 2016"]
[Source "ChessBase"]
[SourceDate "2015.10.08"]
[SourceVersion "1"]
[SourceVersionDate "2015.10.08"]
[SourceQuality "1"]

1. e4 c5 2. Nf3 d6 3. d4 cxd4 4. Nxd4 Nf6 5. Nc3 g6 6. Be3 Bg7 7. f3 0-0 8. Qd2 Nc6 9. Bc4 Bd7 10. 0-0-0 Ne5 11. Bb3 Qa5 12. h4 Rfc8 13. Kb1 Nc4 14. Bxc4 Rxc4 15. g4 Rac8 16. Nb3 Qc7 17. e5 Ne8 18. h5 Bxe5 19. hxg6 fxg6 20. Bd4 Bxd4 21. Nxd4 e5 22. Nd5 Rxd4 23. Ne7+ Kf7 24. Rxh7+ Ng7 25. Qe2 Bb5 0-1

[Event "EU-ch U14 25th"]
[Site "Porec"]
[Date "2015.09.21"]
[Round "1"]
[White "Raykov, Stefan"]
[Black "Maric Vild, Fabijan"]
[Result "1/2-1/2"]
[WhiteElo "2022"]
[BlackElo "1487"]
[PlyCount "50"]
[EventDate "2015.09.21"]
[EventType "swiss"]
[EventRounds "9"]
[EventCountry "CRO"]
[SourceTitle "EXT 2016"]
[Source "ChessBase"]
[SourceDate "2015.10.08"]
[SourceVersion "1"]
[SourceVersionDate "2015.10.08"]
[SourceQuality "1"]

1. e4 c5 2. Nf3 e6 3. c3 d5 4. exd5 Qxd5 5. d4 Nf6 6. Be2 Nc6 7. Na3 a6 8. Nc4 Qd8 9. dxc5 Qxd1+ 10. Bxd1 Bxc5 11. b4 Ba7 12. 0-0 0-0 13. a4 Rd8 14. b5 axb5 15. Nce5 Nxe5 16. Nxe5 Ne4 17. Bf3 Nxc3 18. a5 Bd4 19. Bf4 Nd5 20. Bxd5 Bxa1 21. Nc6 Rxd5 22. Ne7+ Kf8 23. Nxd5 exd5 24. Rxa1 Be6 25. Bc7 Bd7 1/2-1/2

[Event "SLO-chT2 East"]
[Site "Slovenia"]
[Date "2015.09.19"]
[Round "2"]
[White "Blazinc, Joze"]
[Black "Maric Vild, Fabijan"]
[Result "1-0"]
[WhiteElo "1787"]
[BlackElo "1513"]
[PlyCount "72"]
[EventDate "2015.09.05"]
[EventType "team-tourn"]
[EventRounds "9"]
[EventCountry "SLO"]
[SourceTitle "EXT 2019"]
[Source "ChessBase"]
[SourceDate "2018.10.10"]
[SourceVersion "1"]
[SourceVersionDate "2018.10.10"]
[SourceQuality "1"]
[WhiteTeam "Brezice"]
[BlackTeam "Radenska Ljutomer"]
[WhiteTeamCountry "SLO"]
[BlackTeamCountry "SLO"]

1. c4 Nf6 2. Nc3 e6 3. e4 d5 4. e5 Nfd7 5. Nf3 c5 6. cxd5 exd5 7. d4 Nb6 8. Bg5 Be7 9. dxc5 N6d7 10. Bxe7 Qxe7 11. Nxd5 Qxc5 12. Rc1 Qa5+ 13. b4 Qd8 14. Nc7+ Kf8 15. Nxa8 Nc6 16. Qd6+ Qe7 17. Qxe7+ Kxe7 18. Nc7 Nxb4 19. a3 Nc6 20. Nb5 a6 21. Nd6 f6 22. Nxc8+ Rxc8 23. exf6+ Kxf6 24. Bd3 Re8+ 25. Kd2 Nb6 26. Bxa6 Na5 27. Rb1 Nbc4+ 28. Bxc4 Nxc4+ 29. Kd3 Nd6 30. Rhe1 Rd8 31. Rb6 Kf7 32. Kc3 Rc8+ 33. Kb3 Rd8 34. Rd1 Ke7 35. Rbxd6 Rxd6 36. Rxd6 Kxd6 1-0

[Event "SLO-chT2 East"]
[Site "Slovenia"]
[Date "2015.09.19"]
[Round "3"]
[White "Maric Vild, Fabijan"]
[Black "Pleic, Jure"]
[Result "1-0"]
[WhiteElo "1513"]
[BlackElo "1385"]
[PlyCount "103"]
[EventDate "2015.09.05"]
[EventType "team-tourn"]
[EventRounds "9"]
[EventCountry "SLO"]
[SourceTitle "EXT 2019"]
[Source "ChessBase"]
[SourceDate "2018.10.10"]
[SourceVersion "1"]
[SourceVersionDate "2018.10.10"]
[SourceQuality "1"]
[WhiteTeam "Radenska Ljutomer"]
[BlackTeam "Malecnik"]
[WhiteTeamCountry "SLO"]
[BlackTeamCountry "SLO"]

1. e4 d6 2. d4 Nc6 3. f4 e6 4. Nf3 Bd7 5. Nc3 a6 6. a3 Nge7 7. Bd3 g6 8. Be3 Bg7 9. Qd2 0-0 10. 0-0-0 f5 11. exf5 Nxf5 12. Qf2 Nxe3 13. Qxe3 Re8 14. h4 Qe7 15. h5 e5 16. Bc4+ Kh8 17. hxg6 h6 18. f5 Qf8 19. f6 Be6 20. fxg7+ Qxg7 21. Rxh6+ Kg8 22. Bxe6+ Rxe6 23. d5 Rxg6 24. Rxg6 Qxg6 25. dxc6 bxc6 26. Qg5 Qxg5+ 27. Nxg5 Re8 28. Nce4 Kg7 29. Rf1 Re7 30. Rf7+ Rxf7 31. Nxf7 Kxf7 32. Kd2 Ke6 33. g4 a5 34. Ke3 d5 35. Nc5+ Ke7 36. Nb7 a4 37. Nc5 Kd6 38. Nxa4 c5 39. Nxc5 Kxc5 40. g5 Kd6 41. g6 Ke6 42. a4 Kf6 43. a5 Kxg6 44. a6 Kf5 45. a7 c5 46. a8Q d4+ 47. Kf3 c4 48. Qc8+ Kf6 49. Qxc4 Kf5 50. Qf7+ Kg5 51. Qe6 e4+ 52. Qxe4 1-0

[Event "Ptuj op"]
[Site "Ptuj"]
[Date "2015.08.04"]
[Round "2"]
[White "Maric Vild, Fabijan"]
[Black "Florjancic, Rudolf"]
[Result "0-1"]
[WhiteElo "1513"]
[BlackElo "1869"]
[PlyCount "112"]
[EventDate "2015.08.03"]
[EventType "swiss"]
[EventRounds "9"]
[EventCountry "SLO"]
[SourceTitle "CBM 167 Extra"]
[Source "ChessBase"]
[SourceDate "2015.09.14"]
[SourceVersion "1"]
[SourceVersionDate "2015.09.14"]
[SourceQuality "1"]

1. e4 d6 2. d4 Nf6 3. Nc3 g6 4. f4 Bg7 5. Nf3 c6 6. Be2 b5 7. a3 Bb7 8. 0-0 0-0 9. h3 Nbd7 10. Be3 Nb6 11. Qe1 e6 12. Rd1 a5 13. Qf2 d5 14. e5 Nfd7 15. b3 Qe7 16. a4 bxa4 17. Nxa4 Nxa4 18. bxa4 Ba6 19. Rb1 Bxe2 20. Qxe2 Rfb8 21. Qd2 Nb6 22. Qc3 Nc4 23. Bf2 Bf8 24. Nd2 Rb4 25. Rxb4 axb4 26. Qd3 Nxd2 27. Qxd2 Rxa4 28. Rb1 Qa7 29. Qe1 c5 30. c3 bxc3 31. Qxc3 Rc4 32. Qd2 cxd4 33. Rd1 Qa3 34. Qe2 Qc3 35. h4 d3 36. Qg4 Qc2 37. h5 Qe2 38. Qxe2 dxe2 39. Re1 Re4 40. Rc1 gxh5 41. g3 d4 42. Be1 d3 43. Kf2 Rd4 44. Ke3 Rd5 45. Bd2 Bc5+ 46. Kf3 Kg7 47. Rb1 Rd7 48. Rc1 Ba7 49. Ra1 Kg6 50. Rh1 Bd4 51. Rb1 f6 52. exf6 Bxf6 53. Kf2 h4 54. Rg1 hxg3+ 55. Rxg3+ Kf5 56. Rg1 Ke4 0-1